Kirill i Mefodij v kuľturnom kontekste 2013 goda
Význam Cyrila a Metoda pre slovanské národy. Vytvorenie hlaholiky a preklad biblických textov. 1150-te výročie príchodu solúnskych bratov na Veľkú Moravu. Pôsobenie Cyrila (Konštantína) a Metoda.
Saved in:
| Main Author: | |
|---|---|
| Format: | Book Chapter |
| Language: | Russian |
| Subjects: | |
| Tags: |
No Tags, Be the first to tag this record!
|
MARC
| LEADER | 00000naa$a2200000$$$4500 | ||
|---|---|---|---|
| 001 | 0185848 | ||
| 005 | 20240502083438.6 | ||
| 041 | 0 | |a rus | |
| 044 | |a RU | ||
| 245 | 1 | 0 | |a Kirill i Mefodij v kuľturnom kontekste 2013 goda |c Roman Kvapil |
| 520 | |a Význam Cyrila a Metoda pre slovanské národy. Vytvorenie hlaholiky a preklad biblických textov. 1150-te výročie príchodu solúnskych bratov na Veľkú Moravu. Pôsobenie Cyrila (Konštantína) a Metoda. | ||
| 610 | 2 | 0 | |a kultúra |
| 610 | 2 | 0 | |a história |
| 610 | 2 | 0 | |a národ |
| 610 | 2 | 0 | |a vzdelávanie |
| 610 | 2 | 0 | |a kresťanstvo |
| 100 | 1 | |a Kvapil, Roman, 1971- | |